[Event "Budapest FS04 IM"]
[Site "Budapest"]
[Date "2024.04.09"]
[Round "3"]
[White "Pacher, Milan"]
[Black "Isha, Sharma"]
[Result "0-1"]
[WhiteElo "2415"]
[BlackElo "2224"]
[PlyCount "70"]
[EventDate "2024.04.06"]
[EventType "tourn"]
[EventRounds "9"]
[EventCountry "HUN"]
[EventCategory "2"]
[SourceTitle "CB16_2024"]
[SourceDate "2024.04.17"]
[SourceVersion "1"]
[SourceVersionDate "2024.04.17"]
[SourceQuality "1"]

1. e4 e5 2. Nf3 Nc6 3. Nc3 Nf6 4. d4 exd4 5. Nxd4 Bb4 6. Nxc6 bxc6 7. Bd3 d5 8. exd5 0-0 9. 0-0 Bg4 10. f3 Bh5 11. Bg5 Bxc3 12. bxc3 cxd5 13. Rb1 Qd6 14. Qd2 Nd7 15. Qf4 Ne5 16. Qh4 f6 17. Qxh5 g6 18. Qh4 fxg5 19. Qxg5 c5 20. Rfe1 Rae8 21. Bb5 Re6 22. Kh1 Rxf3 23. Bd7 Re7 24. Qxe7 Qxe7 25. gxf3 Qd6 26. Bg4 h5 27. Be6+ Kg7 28. f4 Nf3 29. Re2 d4 30. Bc4 dxc3 31. Rg2 Nh4 32. Rg3 Qxf4 33. Bd3 Qe5 34. Bxg6 Nxg6 35. Rbg1 Qd5+ 0-1

[Event "Budapest FS04 IM"]
[Site "Budapest"]
[Date "2024.04.06"]
[Round "1"]
[White "Szalay Ocsak, Bank"]
[Black "Isha, Sharma"]
[Result "1-0"]
[WhiteElo "2210"]
[BlackElo "2224"]
[PlyCount "91"]
[EventDate "2024.04.06"]
[EventType "tourn"]
[EventRounds "9"]
[EventCountry "HUN"]
[EventCategory "2"]
[SourceTitle "CB16_2024"]
[SourceDate "2024.04.17"]
[SourceVersion "1"]
[SourceVersionDate "2024.04.17"]
[SourceQuality "1"]

1. e4 e5 2. Nf3 Nc6 3. Bc4 Bc5 4. d3 Nf6 5. Nc3 a6 6. a4 d6 7. h3 h6 8. Be3 0-0 9. 0-0 Re8 10. Re1 Be6 11. Bxe6 Rxe6 12. d4 exd4 13. Nxd4 Nxd4 14. Bxd4 Nd7 15. a5 Bb4 16. f4 c5 17. Bf2 Nf6 18. Qf3 Bxc3 19. bxc3 Qe7 20. e5 dxe5 21. fxe5 Nh7 22. Rab1 Rc6 23. Qd5 Nf8 24. Red1 Rac8 25. c4 R8c7 26. Rxb7 Ng6 27. Rb6 Qe8 28. Bg3 Ne7 29. Qd8 Rc8 30. Qd7 Rg6 31. Rxg6 Nxg6 32. Qxe8+ Rxe8 33. Rd5 Rc8 34. Rd6 Ne7 35. Rxa6 Nc6 36. Bf2 Nxe5 37. Ra7 Nc6 38. Ra6 Ne5 39. Rb6 Nxc4 40. Rb5 Ra8 41. Be1 Re8 42. Bc3 Rc8 43. a6 Nd6 44. Rb6 Nc4 45. Rb7 Nd6 46. Be5 1-0

[Event "Novi Sad TS GM/IM Mix 189th"]
[Site "Novi Sad"]
[Date "2024.03.04"]
[Round "8"]
[White "Remecki, Sinisa"]
[Black "Isha, Sharma"]
[Result "0-1"]
[WhiteElo "2235"]
[BlackElo "2147"]
[PlyCount "42"]
[EventDate "2024.02.29"]
[EventType "swiss"]
[EventRounds "9"]
[EventCountry "SRB"]
[SourceTitle "CB12_2024"]
[SourceDate "2023.10.01"]
[SourceVersion "1"]
[SourceVersionDate "2023.10.01"]
[SourceQuality "1"]

1. d4 Nf6 2. Nf3 d5 3. Bg5 c5 4. dxc5 Qa5+ 5. c3 Qxc5 6. Nbd2 Nbd7 7. Nb3 Qc7 8. g3 h6 9. Bc1 e5 10. Bg2 Be7 11. 0-0 0-0 12. Nh4 Nb6 13. f4 e4 14. Nd4 Re8 15. Nhf5 Bf8 16. Ne3 Nc4 17. f5 Ne5 18. a4 a6 19. Qb3 Rd8 20. Bd2 Nc6 21. Nec2 Bc5 0-1

[Event "Senta Fantastico op 02"]
[Site "Senta"]
[Date "2024.02.23"]
[Round "2"]
[White "Damljanovic, Branko"]
[Black "Isha, Sharma"]
[Result "1-0"]
[WhiteElo "2377"]
[BlackElo "2147"]
[PlyCount "105"]
[EventDate "2024.02.22"]
[EventType "swiss"]
[EventRounds "9"]
[EventCountry "SRB"]
[SourceTitle "CB10_2024"]
[SourceDate "2024.03.06"]
[SourceVersion "1"]
[SourceVersionDate "2024.03.06"]
[SourceQuality "1"]

1. Nf3 d5 2. c4 d4 3. g3 c5 4. Bg2 Nc6 5. 0-0 g6 6. a3 Bg7 7. d3 Nh6 8. b4 cxb4 9. axb4 Nxb4 10. Qa4+ Nc6 11. Ne5 Bxe5 12. Bxh6 Bd7 13. Nd2 Qc7 14. Rfb1 Rg8 15. Nf3 Bf6 16. h4 Nd8 17. Qa5 Qxa5 18. Rxa5 Bc6 19. Nd2 a6 20. Ne4 Bg7 21. Bxg7 Rxg7 22. Nc5 Bxg2 23. Kxg2 Ra7 24. f4 e6 25. Rb6 Ke7 26. Ra2 f5 27. Kf2 h6 28. Rab2 Kf6 29. Rd6 Rc7 30. Nxa6 Rc8 31. Nc7 Rxc7 32. Rxd8 h5 33. Rxd4 Ke7 34. Rb6 Rd7 35. Rxd7+ Kxd7 36. c5 Ke7 37. Ke3 Kf6 38. Rb4 Ra5 39. Kd4 Ra2 40. e3 Ra7 41. Kc4 Ke7 42. d4 Kf6 43. Kb5 Ra3 44. Kb6 Rxe3 45. Kxb7 Ke7 46. c6 Rc3 47. Rb5 Rc4 48. Rc5 Rb4+ 49. Kc8 Rxd4 50. Rb5 Rc4 51. c7 Kd6 52. Rb6+ Ke7 53. Kb8 1-0

[Event "Tamil Nadu IM 3rd"]
[Site "Chennai"]
[Date "2023.11.03"]
[Round "8"]
[White "Isha, Sharma"]
[Black "Murugan, Krishnamoorthy"]
[Result "1/2-1/2"]
[WhiteElo "2176"]
[BlackElo "2271"]
[PlyCount "140"]
[EventDate "2023.10.30"]
[EventType "tourn"]
[EventRounds "9"]
[EventCountry "IND"]
[SourceTitle "Mega2024 Update 01"]
[Source "Chessbase"]
[SourceDate "2023.11.12"]
[SourceVersion "1"]
[SourceVersionDate "2023.11.12"]
[SourceQuality "1"]

1. e4 c5 2. Nf3 e6 3. d4 cxd4 4. Nxd4 Nf6 5. Nc3 d6 6. g4 h6 7. Rg1 Nc6 8. Be3 Be7 9. h4 d5 10. g5 hxg5 11. hxg5 Nxe4 12. Nxe4 dxe4 13. Nxc6 bxc6 14. Qxd8+ Bxd8 15. Bg2 Rh4 16. Rh1 Rxh1+ 17. Bxh1 Bb6 18. Bxe4 Bd7 19. Bf4 0-0-0 20. Be5 f6 21. gxf6 gxf6 22. Bxf6 Rf8 23. Be5 Rxf2 24. a4 Rf7 25. Bg6 Rf8 26. 0-0-0 c5 27. Bd3 Bc6 28. Bc4 Kb7 29. b3 Bc7 30. Bxc7 Kxc7 31. Bxe6 Rf2 32. Rd2 Rxd2 33. Kxd2 a5 34. Ke3 Kd6 35. Bc4 Ke5 36. Be2 Be4 37. Bd3 Bd5 38. Be2 Be4 39. Bd1 Bf5 40. Kd2 Kd4 41. Be2 Bg6 42. Bc4 Bf5 43. c3+ Ke5 44. Ke3 Bg6 45. Kf3 Bh5+ 46. Ke3 Bg6 47. Kd2 Bf5 48. Kc1 Bg6 49. Kb2 Bf5 50. Ka3 Bc2 51. Kb2 Be4 52. Bb5 Bf5 53. Bc6 Bg6 54. Bg2 Bd3 55. Kc1 Bf5 56. Kd2 Be6 57. Kc2 Bf5+ 58. Kb2 Kd6 59. Ka3 Bc2 60. Bf3 Ke5 61. Kb2 Bd3 62. b4 cxb4 63. cxb4 axb4 64. Kb3 Kd6 65. Kxb4 Bf1 66. Ka5 Kc5 67. Bd1 Bc4 68. Bc2 Be2 69. Bb3 Bd3 70. Bd1 Bc4 1/2-1/2

[Event "Tamil Nadu IM 3rd"]
[Site "Chennai"]
[Date "2023.10.30"]
[Round "1"]
[White "Isha, Sharma"]
[Black "Harsh, Suresh"]
[Result "0-1"]
[WhiteElo "2176"]
[BlackElo "2370"]
[PlyCount "80"]
[EventDate "2023.10.30"]
[EventType "tourn"]
[EventRounds "9"]
[EventCountry "IND"]
[SourceTitle "Mega2024 Update 01"]
[Source "Chessbase"]
[SourceDate "2023.11.12"]
[SourceVersion "1"]
[SourceVersionDate "2023.11.12"]
[SourceQuality "1"]

1. e4 e5 2. Nf3 Nc6 3. Bb5 a6 4. Ba4 d6 5. c3 Bd7 6. d3 g6 7. Nbd2 Bg7 8. Nf1 Nge7 9. h4 h5 10. Ne3 Qc8 11. Bc2 Ng8 12. b4 Nf6 13. Ng5 Nd8 14. Qf3 0-0 15. 0-0 a5 16. Bb2 axb4 17. cxb4 Ne6 18. Nxe6 Bxe6 19. a4 Qd8 20. Qg3 Ng4 21. Nxg4 Bxg4 22. Bb3 Qe7 23. Qh2 Be6 24. Bd1 Bf6 25. g3 d5 26. Ba3 Rfd8 27. f3 dxe4 28. dxe4 Qd6 29. Rc1 Bg7 30. Qb2 Bh6 31. Rc2 Rxa4 32. Re2 Raa8 33. Bb3 Qb6+ 34. Kg2 Rd3 35. Bxe6 Qxe6 36. Ra1 Qa6 37. b5 Qa5 38. Qxe5 Rxa3 39. Rxa3 Qxa3 40. Qxc7 Qd3 0-1

[Event "Maia op 7th"]
[Site "Maia"]
[Date "2023.08.26"]
[Round "2"]
[White "Isha, Sharma"]
[Black "Akhvlediani, Irakli"]
[Result "0-1"]
[WhiteElo "2162"]
[BlackElo "2390"]
[PlyCount "116"]
[EventDate "2023.08.25"]
[EventType "swiss"]
[EventRounds "9"]
[EventCountry "POR"]
[SourceTitle "EXT 2024"]
[Source "ChessBase"]
[SourceDate "2023.10.10"]
[SourceVersion "1"]
[SourceVersionDate "2023.10.10"]
[SourceQuality "1"]

1. e4 e5 2. Nf3 Nc6 3. Bc4 Nf6 4. d3 h6 5. 0-0 d6 6. Nc3 Na5 7. Bb5+ c6 8. Ba4 b5 9. Bb3 Be7 10. h3 0-0 11. Re1 Qc7 12. Ne2 c5 13. Ng3 Re8 14. Nh4 Nxb3 15. axb3 Bf8 16. Qf3 Qd8 17. Nhf5 Kh7 18. Ne3 g6 19. Nd5 Bg7 20. Nxf6+ Bxf6 21. c4 a5 22. Bd2 Be6 23. Rec1 Bg5 24. Qd1 Bxd2 25. Qxd2 Ra7 26. Nf1 Qb6 27. Ra2 Rea8 28. Ne3 Kg7 29. Rca1 b4 30. Ra4 Qd8 31. Nf1 Qh4 32. Qe3 Kh7 33. Qg3 Qxg3 34. Nxg3 Kg7 35. R4a2 Kf8 36. Ne2 Ke7 37. f3 Kd7 38. Kf2 Kc6 39. Ke3 Kb6 40. Rf1 f5 41. Rg1 f4+ 42. Kf2 a4 43. bxa4 Rxa4 44. Rxa4 Rxa4 45. Nc1 g5 46. Nb3 Ra2 47. Rb1 h5 48. g4 fxg3+ 49. Kxg3 h4+ 50. Kg2 Bd7 51. Nc1 Ra7 52. Kh2 Kb7 53. Kg2 Ra8 54. Ne2 Rf8 55. Ng1 Ra8 56. Ne2 Kb6 57. Kh2 Kc7 58. Kg2 Kb7 0-1

[Event "Casablanca Mohammed op 4th"]
[Site "Casablanca"]
[Date "2023.08.14"]
[Round "1"]
[White "Rodrigue Lemieux, Shawn"]
[Black "Isha, Sharma"]
[Result "1/2-1/2"]
[WhiteElo "2493"]
[BlackElo "2162"]
[PlyCount "96"]
[EventDate "2023.08.14"]
[EventType "swiss"]
[EventRounds "9"]
[EventCountry "MAR"]
[SourceTitle "CBM 215 Extra"]
[Source "ChessBase"]
[SourceDate "2023.09.30"]
[SourceVersion "1"]
[SourceVersionDate "2023.09.30"]
[SourceQuality "1"]

1. d4 Nf6 2. c4 e6 3. Nc3 Bb4 4. e3 0-0 5. Bd3 d5 6. a3 Bxc3+ 7. bxc3 dxc4 8. Bxc4 c5 9. Ne2 Qc7 10. Ba2 b6 11. 0-0 Ba6 12. Bb2 Rd8 13. Rc1 Nc6 14. c4 cxd4 15. exd4 b5 16. c5 b4 17. Bc4 bxa3 18. Bxa3 Ng4 19. g3 Nce5 20. Bxa6 Qc6 21. Rc3 Qxa6 22. Qc2 Nc6 23. Ra1 Qc8 24. Qa4 Qd7 25. Rc4 Qd5 26. Nf4 Qf3 27. Rf1 Rab8 28. Bc1 h6 29. h3 Nf6 30. Re1 Qb3 31. Be3 a5 32. Ra1 Qxa4 33. Rcxa4 Ne4 34. Kg2 Nc3 35. Rc4 Rb3 36. Bd2 Ne4 37. Bxa5 Rxd4 38. Rxd4 Nxd4 39. Rc1 Rb5 40. Bb6 Nb3 41. Rb1 Ned2 42. Rd1 Nc4 43. Rd8+ Kh7 44. Rd7 Nxc5 45. Bxc5 Rxc5 46. Rxf7 Re5 47. Re7 Kg8 48. Nxe6 Kh8 1/2-1/2

[Event "Arandjelovac op 2nd"]
[Site "Arandjelovac"]
[Date "2023.08.04"]
[Round "7"]
[White "Isha, Sharma"]
[Black "Jaiveer, Mahendru"]
[Result "0-1"]
[WhiteElo "2162"]
[BlackElo "2222"]
[PlyCount "122"]
[EventDate "2023.07.31"]
[EventType "swiss"]
[EventRounds "9"]
[EventCountry "SRB"]
[SourceTitle "CBM 215 Extra"]
[Source "ChessBase"]
[SourceDate "2023.09.30"]
[SourceVersion "1"]
[SourceVersionDate "2023.09.30"]
[SourceQuality "1"]

1. e4 c5 2. Nf3 d6 3. d4 cxd4 4. Nxd4 Nf6 5. Nc3 a6 6. Be3 e5 7. Nb3 Be6 8. Be2 Be7 9. Nd5 Nxd5 10. exd5 Bf5 11. Qd2 a5 12. a4 Nd7 13. Bb5 0-0 14. 0-0 Nc5 15. Nxc5 dxc5 16. f4 e4 17. Rad1 Bd6 18. h3 Bd7 19. f5 Bxb5 20. axb5 Re8 21. Bf4 Bxf4 22. Qxf4 c4 23. Qe3 Qd7 24. f6 Qxb5 25. Kh1 Kh8 26. fxg7+ Kg8 27. Rf4 Rad8 28. Rxe4 Rxe4 29. Qxe4 Qc5 30. Qf5 b5 31. Qg5 Qd6 32. Qd2 b4 33. Qd4 Rc8 34. Qa7 Qc5 35. Qb7 Rc7 36. Qa6 Rd7 37. b3 c3 38. d6 Kxg7 39. Qd3 Qe5 40. Qa6 Qf5 41. Qe2 Qe6 42. Qf3 Qg6 43. Rd4 h5 44. Qd5 Qf6 45. Rd1 Kg6 46. Kg1 Qf5 47. Qd4 Qf6 48. Qc5 Qg5 49. Qc6 Qe3+ 50. Kh1 Qe6 51. Qb6 Qe2 52. Qd4 Qxc2 53. Rf1 Kh7 54. Kh2 Qg6 55. Rf6 Qg5 56. Qe4+ Kg7 57. Rf3 Kf8 58. Rg3 Qf6 59. Qa8+ Rd8 60. Qxa5 h4 61. Rf3 Qxd6+ 0-1

[Event "Arandjelovac op 2nd"]
[Site "Arandjelovac"]
[Date "2023.08.03"]
[Round "5"]
[White "Srdanovic, Jovana"]
[Black "Isha, Sharma"]
[Result "1/2-1/2"]
[WhiteElo "2090"]
[BlackElo "2162"]
[PlyCount "64"]
[EventDate "2023.07.31"]
[EventType "swiss"]
[EventRounds "9"]
[EventCountry "SRB"]
[SourceTitle "CBM 215 Extra"]
[Source "ChessBase"]
[SourceDate "2023.09.30"]
[SourceVersion "1"]
[SourceVersionDate "2023.09.30"]
[SourceQuality "1"]

1. d4 Nf6 2. c4 e6 3. Nc3 Bb4 4. Bd2 0-0 5. e3 d5 6. Bd3 c5 7. a3 cxd4 8. axb4 dxc3 9. Bxc3 dxc4 10. Bxc4 Nbd7 11. Nf3 Nb6 12. Bd3 Nbd5 13. 0-0 Qe7 14. Qb3 Rd8 15. Rfd1 Nxc3 16. bxc3 e5 17. Bc4 Rxd1+ 18. Rxd1 Bg4 19. Ra1 Bxf3 20. gxf3 b6 21. b5 Qb7 22. Kg2 h6 23. h3 Rc8 24. Ra4 Qd7 25. Be2 Rc7 26. Rc4 Qe6 27. Qa4 Qe7 28. Qa2 Qd7 29. Rxc7 Qxc7 30. Bc4 g6 31. Bd5 Kg7 32. c4 Nd7 1/2-1/2

[Event "Arandjelovac op 2nd"]
[Site "Arandjelovac"]
[Date "2023.08.03"]
[Round "6"]
[White "Vetokhin, Savva"]
[Black "Isha, Sharma"]
[Result "1-0"]
[WhiteElo "2416"]
[BlackElo "2162"]
[PlyCount "77"]
[EventDate "2023.07.31"]
[EventType "swiss"]
[EventRounds "9"]
[EventCountry "SRB"]
[SourceTitle "CBM 215 Extra"]
[Source "ChessBase"]
[SourceDate "2023.09.30"]
[SourceVersion "1"]
[SourceVersionDate "2023.09.30"]
[SourceQuality "1"]

1. d4 Nf6 2. c4 e6 3. Nc3 Bb4 4. e3 0-0 5. Bd3 d5 6. a3 Bxc3+ 7. bxc3 c5 8. cxd5 exd5 9. Ne2 b6 10. 0-0 Ba6 11. Bxa6 Nxa6 12. Qd3 c4 13. Qc2 Re8 14. f3 Nc7 15. Ng3 Nb5 16. a4 Nd6 17. Ba3 g6 18. e4 dxe4 19. Bxd6 Qxd6 20. fxe4 Ng4 21. Rf3 f6 22. h3 Nh6 23. e5 fxe5 24. Ne4 Qc6 25. Nf6+ Kg7 26. Nxe8+ Rxe8 27. dxe5 Rxe5 28. Qd2 Nf5 29. g4 Nd6 30. Qd4 Qc5 31. Qxc5 Rxc5 32. Rd1 Ne4 33. Rd7+ Kh6 34. h4 Re5 35. Re3 Nd2 36. Rg3 Re1+ 37. Kf2 Ne4+ 38. Kxe1 Nxg3 39. Re7 1-0

[Event "Arandjelovac op 2nd"]
[Site "Arandjelovac"]
[Date "2023.08.01"]
[Round "2"]
[White "Isha, Sharma"]
[Black "Atalik, Suat"]
[Result "0-1"]
[WhiteElo "2162"]
[BlackElo "2417"]
[PlyCount "72"]
[EventDate "2023.07.31"]
[EventType "swiss"]
[EventRounds "9"]
[EventCountry "SRB"]
[SourceTitle "CBM 215 Extra"]
[Source "ChessBase"]
[SourceDate "2023.09.30"]
[SourceVersion "1"]
[SourceVersionDate "2023.09.30"]
[SourceQuality "1"]

1. e4 c5 2. Nf3 Nc6 3. d4 cxd4 4. Nxd4 e6 5. Nc3 Qc7 6. Be3 a6 7. a3 b5 8. Be2 Bb7 9. 0-0 Nf6 10. Nb3 d6 11. f4 Be7 12. Qe1 0-0 13. g4 b4 14. axb4 Nxb4 15. Rc1 d5 16. e5 Ne4 17. Nxe4 dxe4 18. Qg3 Nd5 19. Bd4 a5 20. c4 Nb4 21. Qe3 Nd3 22. Rc2 a4 23. Nd2 Nc5 24. f5 exf5 25. gxf5 Rfd8 26. f6 Rxd4 27. fxe7 Rd7 28. e6 fxe6 29. Nb1 Rxe7 30. Nc3 Rd7 31. Qg5 h6 32. Qh5 Qb6 33. Nb5 Rc8 34. Kg2 Nd3 35. Qh3 Rc5 36. Kh1 Rg5 0-1

[Event "Issykkul op"]
[Site "Korumdu"]
[Date "2023.07.17"]
[Round "7"]
[White "Sultanbek, Zeinep"]
[Black "Isha, Sharma"]
[Result "1/2-1/2"]
[WhiteElo "2038"]
[BlackElo "2224"]
[PlyCount "62"]
[EventDate "2023.07.12"]
[EventType "swiss"]
[EventRounds "10"]
[EventCountry "KGZ"]
[SourceTitle "CBM 215 Extra"]
[Source "ChessBase"]
[SourceDate "2023.09.30"]
[SourceVersion "1"]
[SourceVersionDate "2023.09.30"]
[SourceQuality "1"]

1. Nf3 Nf6 2. g3 d5 3. d4 c5 4. Bg2 cxd4 5. 0-0 h6 6. Bf4 e6 7. Nxd4 g5 8. Bc1 e5 9. Nb3 Nc6 10. c4 d4 11. e3 Bg4 12. f3 Be6 13. exd4 Nxd4 14. Re1 Nc6 15. Qe2 Be7 16. Nc3 Qb6+ 17. Be3 Qb4 18. Bf1 0-0-0 19. Red1 Kb8 20. Nb5 a6 21. Na3 Rxd1 22. Rxd1 e4 23. Nc2 Qa4 24. Nc5 exf3 25. Nxa4 fxe2 26. Bxe2 Bf5 27. Nd4 Nxd4 28. Bxd4 Bc2 29. Be5+ Ka7 30. Bd4+ Kb8 31. Be5+ Ka7 1/2-1/2

[Event "Issykkul op"]
[Site "Korumdu"]
[Date "2023.07.14"]
[Round "5"]
[White "Zheenbekov, Nurgazi"]
[Black "Isha, Sharma"]
[Result "1-0"]
[WhiteElo "2026"]
[BlackElo "2224"]
[PlyCount "91"]
[EventDate "2023.07.12"]
[EventType "swiss"]
[EventRounds "10"]
[EventCountry "KGZ"]
[SourceTitle "CBM 215 Extra"]
[Source "ChessBase"]
[SourceDate "2023.09.30"]
[SourceVersion "1"]
[SourceVersionDate "2023.09.30"]
[SourceQuality "1"]

1. d4 Nf6 2. c4 e6 3. g3 d5 4. Nf3 dxc4 5. Bg2 c5 6. Qa4+ Nbd7 7. 0-0 a6 8. Qxc4 b5 9. Qc2 Bb7 10. a4 b4 11. a5 Rc8 12. Qa4 Bc6 13. Qd1 c4 14. Bg5 Be7 15. Nbd2 Bb5 16. Re1 h6 17. Bf4 Nd5 18. Ne4 Nxf4 19. gxf4 Qc7 20. e3 0-0 21. Ne5 f5 22. Ng6 Rf7 23. d5 exd5 24. Nxe7+ Rxe7 25. Qxd5+ Kh8 26. Qxf5 Rf8 27. Qh3 Bc6 28. Nd2 Rf6 29. Bxc6 Rxc6 30. Qf3 Nc5 31. Nxc4 Rg6+ 32. Kh1 Nd3 33. Ne5 Rxe5 34. fxe5 Nxe5 35. Qa8+ Kh7 36. Rg1 Ng4 37. Rxg4 Rxg4 38. h3 Rh4 39. Qf3 Qd7 40. Kg2 Qb5 41. Rd1 Qxa5 42. Rd5 Qc7 43. Qf5+ Kg8 44. Rd7 Qc6+ 45. Kg3 Qc4 46. Rd8# 1-0

[Event "Issykkul op"]
[Site "Korumdu"]
[Date "2023.07.13"]
[Round "3"]
[White "Momeni, Ebrahim"]
[Black "Isha, Sharma"]
[Result "1/2-1/2"]
[WhiteElo "2145"]
[BlackElo "2224"]
[PlyCount "156"]
[EventDate "2023.07.12"]
[EventType "swiss"]
[EventRounds "10"]
[EventCountry "KGZ"]
[SourceTitle "CBM 215 Extra"]
[Source "ChessBase"]
[SourceDate "2023.09.30"]
[SourceVersion "1"]
[SourceVersionDate "2023.09.30"]
[SourceQuality "1"]

1. c4 e5 2. Nc3 Nf6 3. g3 c6 4. Nf3 d6 5. Bg2 Be7 6. 0-0 0-0 7. h3 Re8 8. e4 Be6 9. b3 c5 10. d3 Nfd7 11. Nd5 Nc6 12. Nxe7+ Qxe7 13. Ng5 h6 14. Nxe6 fxe6 15. Be3 Rf8 16. f4 exf4 17. gxf4 Kh8 18. Qd2 Rae8 19. Rad1 e5 20. f5 Nd4 21. Kh2 a6 22. Rf2 Qh4 23. Rg1 Kh7 24. Bf3 Nxf3+ 25. Rxf3 Qh5 26. Rfg3 g5 27. Rxg5 hxg5 28. Rxg5 Qh6 29. Rg6 Qxg6 30. fxg6+ Kxg6 31. Qg2+ Kh7 32. Qg5 Re6 33. Qh5+ Kg7 34. Qg4+ Kf7 35. Qf5+ Nf6 36. Bg5 Rh8 37. h4 Rh5 38. Kg1 Rh8 39. Kf1 Rh5 40. Ke1 Rh8 41. Kd1 Rh5 42. Qf3 Kg6 43. Kc2 Rh8 44. Qf5+ Kf7 45. a3 a5 46. b4 axb4 47. axb4 b6 48. Kb3 Rh5 49. Qh3 Rh8 50. Qf1 Kg7 51. Qf5 Kf7 52. b5 Rh5 53. Qf1 Kg6 54. Qa1 Nh7 55. Bd8 Nf6 56. Bxb6 Rxh4 57. Bc7 Rh3 58. Qg1+ Kh6 59. Kc2 Re7 60. b6 Rg7 61. Qc1+ Kh7 62. b7 Rg2+ 63. Kc3 Nxe4+ 64. Kb3 Rxd3+ 65. Ka4 Ra2+ 66. Kb5 Rb3+ 67. Kc6 Ra6+ 68. Kd7 Rxb7 69. Qh1+ Kg7 70. Qxe4 Raa7 71. Kxd6 Rxc7 72. Qxe5+ Kh7 73. Qh5+ Kg7 74. Qg5+ Kh7 75. Qd8 Rf7 76. Kxc5 Kg6 77. Qd3+ Kf6 78. Qd6+ Kg7 1/2-1/2

[Event "Issykkul op"]
[Site "Korumdu"]
[Date "2023.07.12"]
[Round "1"]
[White "De Silva, LMST"]
[Black "Isha, Sharma"]
[Result "1-0"]
[WhiteElo "2433"]
[BlackElo "2224"]
[PlyCount "118"]
[EventDate "2023.07.12"]
[EventType "swiss"]
[EventRounds "10"]
[EventCountry "KGZ"]
[SourceTitle "CBM 215 Extra"]
[Source "ChessBase"]
[SourceDate "2023.09.30"]
[SourceVersion "1"]
[SourceVersionDate "2023.09.30"]
[SourceQuality "1"]

1. e4 e5 2. Nf3 Nc6 3. Bb5 a6 4. Ba4 Nf6 5. 0-0 Be7 6. Re1 b5 7. Bb3 d6 8. c3 0-0 9. d4 Bg4 10. Be3 exd4 11. cxd4 Na5 12. Bc2 Nc4 13. Bc1 c5 14. b3 Na5 15. dxc5 dxc5 16. e5 Qxd1 17. Rxd1 Nd7 18. h3 Be6 19. Bg5 f6 20. exf6 gxf6 21. Bf4 Rac8 22. Nc3 c4 23. Nd4 Bf7 24. Nf5 Bb4 25. Rxd7 Bxc3 26. Rad1 cxb3 27. axb3 Bb4 28. Nh6+ Kg7 29. Bf5 Rce8 30. Ng4 Bc3 31. Bh6+ Kg8 32. Bxf8 Kxf8 33. Rc7 Re1+ 34. Rxe1 Bxe1 35. Nxf6 Nxb3 36. Nxh7+ Ke8 37. Ng5 Bd5 38. Be6 Bxe6 39. Nxe6 a5 40. Ra7 b4 41. Kf1 Bc3 42. Ke2 Nc1+ 43. Kd1 Nd3 44. Kc2 Ne1+ 45. Kb3 Nxg2 46. Rxa5 Ke7 47. Rg5 Nh4 48. Nf4 Kd6 49. Rg4 Nf3 50. Nd3 Nd4+ 51. Kc4 Nc2 52. h4 Ke6 53. h5 Kf5 54. Rg8 Bd2 55. f4 Ne3+ 56. Kb3 Ke4 57. h6 Bc3 58. Nxb4 Bxb4 59. h7 Kd5 1-0

[Event "IND-ch (Women) 49th"]
[Site "Ahmedabad"]
[Date "2023.07.08"]
[Round "9"]
[White "Pratyusha, Bodda"]
[Black "Isha, Sharma"]
[Result "1/2-1/2"]
[WhiteElo "2250"]
[BlackElo "2224"]
[PlyCount "85"]
[EventDate "2023.06.30"]
[EventType "swiss"]
[EventRounds "11"]
[EventCountry "IND"]
[SourceTitle "CBM 215 Extra"]
[Source "ChessBase"]
[SourceDate "2023.09.30"]
[SourceVersion "1"]
[SourceVersionDate "2023.09.30"]
[SourceQuality "1"]

1. e4 e5 2. Nf3 Nc6 3. d4 exd4 4. Bc4 Nf6 5. e5 d5 6. Bb5 Ne4 7. Nxd4 Bd7 8. Bxc6 bxc6 9. 0-0 Bc5 10. f3 Ng5 11. f4 Ne4 12. Be3 Qb8 13. b3 0-0 14. Qd3 Qb6 15. Nd2 Bxd4 16. Bxd4 c5 17. Be3 Bb5 18. c4 Nxd2 19. Qxd2 dxc4 20. bxc4 Bxc4 21. Rfc1 Rfd8 22. Qf2 Qb5 23. f5 Bd3 24. Rxc5 Qd7 25. f6 Bg6 26. Qg3 Rab8 27. h4 Rb4 28. Rac1 Rg4 29. Qf2 Be4 30. Rxc7 Qd5 31. g3 Qxe5 32. Bf4 Qxf6 33. Bg5 Qxf2+ 34. Kxf2 f6 35. Bf4 a6 36. Ra7 g5 37. hxg5 fxg5 38. Be5 Bg6 39. Rc3 Rf8+ 40. Kg1 Re4 41. Rg7+ Kh8 42. Rf7+ Kg8 43. Rg7+ 1/2-1/2

[Event "Balatonlelle Rigo Memorial GM 2nd"]
[Site "Balatonlelle"]
[Date "2023.06.21"]
[Round "8"]
[White "Vaishali, Ramesh Babu"]
[Black "Isha, Sharma"]
[Result "1-0"]
[WhiteElo "2416"]
[BlackElo "2267"]
[PlyCount "89"]
[EventDate "2023.06.14"]
[EventType "tourn"]
[EventRounds "9"]
[EventCountry "HUN"]
[EventCategory "6"]
[SourceTitle "CBM 214 Extra"]
[Source "ChessBase"]
[SourceDate "2023.07.31"]
[SourceVersion "1"]
[SourceVersionDate "2023.07.31"]
[SourceQuality "1"]

1. Nf3 Nf6 2. g3 d5 3. Bg2 Bf5 4. 0-0 e6 5. d3 h6 6. c4 c6 7. cxd5 exd5 8. Nd4 Bh7 9. Nc3 Bc5 10. Nb3 Bb6 11. Bf4 0-0 12. e4 Re8 13. Re1 Na6 14. h3 dxe4 15. dxe4 Nb4 16. Re2 Qxd1+ 17. Rxd1 Rad8 18. Bd6 Nbd5 19. e5 Nxc3 20. bxc3 Nd7 21. c4 a5 22. a4 Nxe5 23. c5 Nc4 24. Rxe8+ Rxe8 25. Rd4 Nxd6 26. cxb6 Nc8 27. Bxc6 Re1+ 28. Kh2 Bf5 29. Nxa5 Nxb6 30. Nxb7 Rc1 31. Bg2 Ra1 32. a5 Na4 33. g4 Be6 34. a6 Nb2 35. Nc5 Bc4 36. Rd2 Na4 37. Nxa4 Rxa4 38. Rd4 Rxa6 39. Rxc4 g6 40. Rc7 Rd6 41. Kg3 Rd4 42. Bf1 Rd6 43. Bc4 Rf6 44. Bd5 Kg7 45. Rc6 1-0

[Event "Balatonlelle Rigo Memorial GM 2nd"]
[Site "Balatonlelle"]
[Date "2023.06.20"]
[Round "7"]
[White "Isha, Sharma"]
[Black "Shoshin, Kirill"]
[Result "1-0"]
[WhiteElo "2267"]
[BlackElo "2329"]
[PlyCount "91"]
[EventDate "2023.06.14"]
[EventType "tourn"]
[EventRounds "9"]
[EventCountry "HUN"]
[EventCategory "6"]
[SourceTitle "CBM 214 Extra"]
[Source "ChessBase"]
[SourceDate "2023.07.31"]
[SourceVersion "1"]
[SourceVersionDate "2023.07.31"]
[SourceQuality "1"]

1. e4 c5 2. Nf3 Nc6 3. Bb5 g6 4. 0-0 Bg7 5. c3 Nf6 6. Re1 0-0 7. d4 d5 8. e5 Ne4 9. Bxc6 bxc6 10. Be3 c4 11. Nfd2 Nxd2 12. Nxd2 Qa5 13. Qc1 Bf5 14. b3 Bd3 15. a4 c5 16. dxc5 Bxe5 17. b4 Qc7 18. Nf3 Bg7 19. Bf4 Qd8 20. Bh6 Re8 21. Bxg7 Kxg7 22. Ne5 Bf5 23. Nc6 Qc7 24. Nd4 Bd7 25. Qd2 e5 26. Nb5 Bxb5 27. axb5 Qd7 28. f4 f6 29. fxe5 fxe5 30. Ra6 Qxb5 31. Rd6 d4 32. cxd4 a5 33. bxa5 Ra7 34. Ra1 e4 35. Rb6 e3 36. Qc3 Qd7 37. Re1 e2 38. Rb2 Qg4 39. h3 Qh5 40. Qxc4 Rae7 41. a6 Re3 42. Rb7+ Kh6 43. Qf7 Kg5 44. Qd5+ Kh4 45. Qxh5+ gxh5 46. a7 1-0